Statistiques concernant Sous-préfectures par département aléatoire

Cliquez ici pour prendre le quiz!

Statistiques générales

  • Ce quiz a été pris 681 fois
  • Le résultat moyen est 13 sur 20

Statistiques - réponses

DépartementPréfectureSous-préfectures% Correct
62 | Pas-de-CalaisArrasBéthune | Boulogne-sur-Mer | Calais | Lens | Montreuil | Saint-Omer
100%
44 | Loire-AtlantiqueNantesChâteaubriant | Saint-Nazaire
96%
50 | MancheSaint-LôAvranches | Cherbourg-en-Cotentin | Coutances
91%
29 | FinistèreQuimperBrest | Châteaulin | Morlaix
90%
30 | GardNîmesAlès | Le Vigan
87%
76 | Seine-MaritimeRouenDieppe | Le Havre
87%
06 | Alpes-MaritimesNiceGrasse
87%
68 | Haut-RhinColmarAltkirch | Mulhouse | Thann
86%
59 | NordLilleAvesnes-sur-Helpe | Cambrai | Douai | Dunkerque | Valenciennes
86%
60 | OiseBeauvaisClermont | Compiègne | Senlis
85%
35 | Ille-et-VillaineRennesFougères | Redon | Saint-Malo
85%
03 | AllierMoulinsMontluçon | Vichy
84%
40 | LandesMont-de-MarsanDax
83%
22 | Côte-d'ArmorSaint-BrieucDinan | Guingamp | Lannion
83%
64 | Pyrénées-AtlantiquesPauBayonne | Oloron-Sainte-Marie
82%
51 | MarneChâlons-en-ChampagneEpernay | Reims | Vitry-le-François
81%
85 | VendéeLa Roche-sur-YonFontenay-le-Comte | Les Sables-d'Olonne
81%
56 | MorbihanVannesLorient | Pontivy
81%
19 | CorrèzeTulleBrive-la-Gaillarde | Ussel
80%
77 | Seine-et-MarneMelunFontainebleau | Meaux | Provins | Torcy
80%
13 | Bouches-du-RhôneMarseilleAix-en-Provence | Arles | Istres
79%
05 | Hautes-AlpesGapBriançon
77%
73 | SavoieChambéryAlbertville | Saint-Jean-de-Maurienne
76%
25 | DoubsBesançonMontbéliard | Pontarlier
76%
08 | ArdennesCharleville-MézieresRethel | Sedan | Vouziers
76%
33 | GirondeBordeauxArcachon | Blaye | Langon | Lesparre-Médoc | Libourne
75%
93 | Seine-Saint-DenisBobignyLe Raincy | Saint-Denis
75%
971 | GuadeloupeBasse-TerrePointe-à-Pitre
75%
45 | LoiretOrléansMontargis | Pithiviers
74%
974 | La RéunionSaint-DenisSaint-Benoît | Saint-Paul | Saint-Pierre
74%
71 | Saône-et-LoireMâconAutun | Chalon-sur-Saône | Charolles | Louhans
73%
34 | HéraultMontpellierBéziers | Lodève
73%
28 | Eure-et-LoirChartresChâteaudun | Dreux | Nogent-le-Rotrou
73%
72 | SartheLe MansLa Flèche | Mamers
73%
12 | AveyronRodezMillau | Villefranche-de-Rouergue
73%
58 | NièvreNeversChâteau-Chinon | Clamecy | Cosne-Cours-sur-Loire
72%
57 | MoselleMetzForbach | Sarrebourg | Sarreguemines | Thionville
72%
11 | AudeCarcassonneLimoux | Narbonne
72%
42 | LoireSaint-EtienneMontbrison | Roanne
72%
31 | Haute-GaronneToulouseMuret | Saint-Gaudens
72%
23 | CreuseGuéretAubusson
71%
02 | AisneLaonChâteau-Thierry | Saint-Quentin | Soissons | Vervins
70%
17 | Charente-MaritimeLa RochelleJonzac | Rochefort | Saintes | Saint-Jean-d'Angély
70%
39 | JuraLons-le-SaunierDole | Saint-Claude
69%
21 | Côte-d'OrDijonBeaune | Montbard
67%
74 | Haute-SavoieAnnecyBonneville | Saint-Julien-en-Genevois | Thonon-les-Bains
67%
01 | AinBourg-en-BresseBelley | Gex | Nantua
66%
36 | IndreChâteaurouxIssoudun | La Châtre | Le Blanc
66%
63 | Puy-de-DômeClermont-FerrandAmbert | Issoire | Riom | Thiers
65%
10 | AubeTroyesBar-sur-Aube | Nogent-sur-Seine
65%
53 | MayenneLavalChâteau-Gontier-sur-Mayenne | Mayenne
65%
49 | Maine-et-LoireAngersCholet | Saumur | Segré-en-Anjou-Bleu
65%
55 | MeuseBar-le-DucCommercy | Verdun
65%
09 | AriègeFoixPamiers | Saint-Girons
65%
2B | Haute-CorseBastiaCalvi | Corte
64%
54 | Meurthe-et-MoselleNancyLunéville | Toul | Val-de-Briey
64%
18 | CherBourgesSaint-Amand-Montrond | Vierzon
64%
92 | Hauts-de-SeineNanterreAntony | Boulogne-Billancourt
63%
24 | DordognePérigueuxBergerac | Nontron | Sarlat-la-Canéda
63%
91 | EssonneEvry-CourcouronnesEtampes | Palaiseau
63%
52 | Haute-MarneChaumontLangres | Saint-Dizier
63%
69 | RhôneLyonVillefranche-sur-Saône
63%
2A | Corse-du-SudAjaccioSartène
62%
95 | Val-d'OiseCergy-PontoiseArgenteuil | Sarcelles
61%
89 | YonneAuxerreAvallon | Sens
60%
83 | VarToulonBrignoles | Draguignan
60%
67 | Bas-RhinStrasbourgHaguenau | Molsheim | Saverne | Sélestat
60%
78 | YvelinesVersaillesMantes-la-Jolie | Rambouillet | Saint-Germain-en-Laye
60%
94 | Val-de-MarneCréteilL'Haÿ-les-Roses | Nogent-sur-Marne
59%
43 | Haute-LoireLe Puy-en-VelayBrioude | Yssingeaux
58%
38 | IsèreGrenobleLa Tour-du-Pin | Vienne
58%
61 | OrneAlençonArgentan | Mortagne-au-Perche
56%
14 | CalvadosCaenBayeux | Lisieux | Vire-Normandie
56%
04 | Alpes-de-Haute-ProvenceDigne-les-BainsBarcelonnette | Castellane | Forcalquier
52%
37 | Indre-et-LoireToursChinon | Loches
52%
15 | CantalAurillacMauriac | Saint-Flour
52%
88 | VosgesEpinalNeufchâteau | Saint-Dié-des-Vosges
52%
41 | Loir-et-CherBloisRomorantin-Lanthenay | Vendôme
52%
80 | SommeAmiensAbbeville | Montdidier | Péronne
50%
973 | GuyaneCayenneSaint-Laurent-du-Maroni
50%
84 | VaucluseAvignonApt | Carpentras
48%
26 | DrômeValenceDie | Nyons
48%
81 | TarnAlbiCastres
47%
27 | EureEvreuxBernay | Les Andelys
46%
79 | Deux-SèvresNiortBressuire | Parthenay
45%
65 | Hautes-PyrénéesTarbesArgelès-Gazost | Bagnères-de-Bigorre
44%
46 | LotCahorsFigeac | Gourdon
43%
48 | LozèreMendeFlorac-Trois-Rivières
43%
86 | ViennePoitiersChâtellerault | Montmorillon
42%
16 | CharenteAngoulêmeCognac | Confolens
42%
87 | Haute-VienneLimogesBellac | Rochechouart
41%
66 | Pyrénées-OrientalesPerpignanCéret | Prades
41%
972 | MartiniqueFort-de-FranceLa Trinité | Le Marin | Saint-Pierre
39%
70 | Haute-SaôneVesoulLure
39%
32 | GersAuchCondom | Mirande
38%
82 | Tarn-et-GaronneMontaubanCastelsarrasin
36%
07 | ArdèchePrivasLargentière | Tournon-sur-Rhône
33%
47 | Lot-et-GaronneAgenMarmande | Nérac | Villeneuve-sur-Lot
33%

Distribution des résultats

Percentile par nombre de réponses

% des personnes avec chaque résultat

Votre développement - résultats

Vous n’avez pas pris ce quiz